000 00443nam a22001697a 4500
003 OSt
005 20211122105512.0
008 211122b |||||||| |||| 00| 0 eng d
020 _a81-7179-646-x
040 _aDDC
_cHU
082 _25
_a616.075
_b2
100 _aSood Ramnik
_919728
245 _aMedical Laboratory Technology Methods and Interpritations
250 _a5
260 _aNEW DELHI
_bJAYPEE BROTHERS
_c1999
942 _2ddc
_cBOOKS
_n0
999 _c19423
_d19423